| 000 | 00954nam a2200265 i 4500 | ||
|---|---|---|---|
| 001 | 000027375 | ||
| 003 | DO-SdBNP | ||
| 005 | 20250411115527.0 | ||
| 007 | ta | ||
| 008 | 110331e1939 dr 000 e spa d | ||
| 040 |
_aDO-SdBNP _bspa _cBNPHU _erda |
||
| 082 | 4 |
_bF438c _222 _arda |
|
| 100 | 1 |
_aFiallo, Fabio, _d1866-1942 _934816 _eautor |
|
| 245 | 1 | 3 |
_aLa comisión nacionalista dominicana en Washington : _b1920 - 1921 / _cFabio Fiallo. |
| 264 |
_aCiudad Trujillo, República Dominicana : _bLa Opinión, _c1939. |
||
| 300 |
_a118 páginas ; _c16 cm. |
||
| 336 |
_2rdacontent _atexto _btxt |
||
| 337 |
_2rdamedia _asin mediación _bn |
||
| 338 |
_2rdacarrier _avolumen _bnc |
||
| 505 |
_aPalabras preliminares. _tLa Comisión Nacionalista.-- _tPost - Scriptum _tAnexos.-- _tPunto Final |
||
| 590 | _aInventariado 2024 / MF | ||
| 650 | 4 |
_aAsesinato _xHistoria _916407 _yEra de Trujillo 1920 - 1921 _zRepública Dominicana |
|
| 910 | _a MF | ||
| 942 |
_2ddc _cLBS1 |
||
| 999 |
_c26867 _d26867 |
||